K1 kindergarten Maths workbook / (Record no. 10063)

MARC details
000 -LEADER
fixed length control field 01041nam a22002777a 4500
001 - CONTROL NUMBER
control field 10063
003 - CONTROL NUMBER IDENTIFIER
control field FISKH
005 - DATE AND TIME OF LATEST TRANSACTION
control field 20260402155130.0
008 - FIXED-LENGTH DATA ELEMENTS--GENERAL INFORMATION
fixed length control field 260402b cb ||||| |||| 00| 0 eng d
020 ## - INTERNATIONAL STANDARD BOOK NUMBER
International Standard Book Number 9789810560126
040 ## - CATALOGING SOURCE
Original cataloging agency FISKH
Language of cataloging eng
Transcribing agency FISKH
Modifying agency FISKH
050 ## - LIBRARY OF CONGRESS CALL NUMBER
Classification number QA135.6
082 ## - DEWEY DECIMAL CLASSIFICATION NUMBER
Classification number 372.7
100 ## - MAIN ENTRY--PERSONAL NAME
Personal name Anonymous
245 ## - TITLE STATEMENT
Title K1 kindergarten Maths workbook /
260 ## - PUBLICATION, DISTRIBUTION, ETC.
Place of publication, distribution, etc. Singapore :
Name of publisher, distributor, etc. Future Ace Publishing,
Date of publication, distribution, etc. [ ]
300 ## - PHYSICAL DESCRIPTION
Extent 96 pages :
Other physical details illustrations ;
Dimensions 26 cm
490 ## - SERIES STATEMENT
Series statement Book two
505 ## - FORMATTED CONTENTS NOTE
Formatted contents note aa<br/>
520 ## - SUMMARY, ETC.
Summary, etc. A kindergarten mathematics workbook designed for young learners ages 3–5. It provides simple and engaging practice activities to help children develop early numeracy skills such as counting, number recognition, matching sets to numerals, sequencing numbers, colouring activities, and counting fun.
521 8# - TARGET AUDIENCE NOTE
Target audience note 70<br/>
Source Lexile estimate<br/>
521 8# - TARGET AUDIENCE NOTE
Target audience note aa<br/>
Source Raz-Plus<br/>
650 ## - SUBJECT ADDED ENTRY--TOPICAL TERM
Topical term or geographic name entry element Workbooks
Form subdivision Activity books
General subdivision Preschool Educational Materials
942 ## - ADDED ENTRY ELEMENTS (KOHA)
Source of classification or shelving scheme Dewey Decimal Classification
Koha item type Books
Suppress in OPAC No
Holdings
Withdrawn status Lost status Source of classification or shelving scheme Damaged status Not for loan Collection Home library Current library Shelving location Date acquired Total Checkouts Full call number Barcode Date last seen Copy number Price effective from Koha item type
    Dewey Decimal Classification     Reference Footprints International School Library Network Toul Tom Poung Campus Footprints International School Library Network Toul Tom Poung Campus Librarian's Shelf TTP 04/02/2026   ANO 372.7 QA135.6 2026-0444 04/02/2026 1 04/02/2026 Books